Quizzes
Events
Quiz Creation
Community
Videos
Private Events
Remove Ads
Sign In
Join for FREE
Feedback
Dark Mode
Quiz Categories
Sports
Geography
Music
Movies
Television
Just For Fun
Miscellaneous
History
Literature
Language
Science
Gaming
Entertainment
Religion
Holiday
For Kids
Quiz Lab
Recent
Popular Today
Quiz Kudos Today
Editor Picks
Curator Picks
Quizzes by...
Day
Popularity
Type
Ratings
Length
Year
Community
Subscriptions
Recent Discussions
Orange Saloon
Badges
Playlists
Quests
Create
Leaderboards
Showdown
Live 5
Trivia Bingo
Activity
Puzzle Library
Sporcle Events
Private Events
Virtual Trivia
Globe League
Become a Host
Pub Owners
SporcleCon
Opinionation
Our Games
Videos
Blog
Mobile Apps
Partnerships
Remove Ads and Go Orange
Feedback
History
US Presidents
World Leaders
Politics
Nation
Discovery
War
Decade
Year
Century
Biography
Art
History
US Presidents
World Leaders
Politics
Nation
Discovery
War
Decade
Year
Century
Biography
Art
Random Quiz
Search Sporcle
×
Quiz Lab
Quiz Lab
History
Clickable
Select answers by clicking on text or image buttons
Select answers by clicking on text or image buttons
Clickable
Best Score? Go Orange.
Progressive Reformers Stats
Can you match the Progressive Reformer with the Reform?
By
Historyteacher63
4m
16 Questions
25 Plays
25 Plays
25 Plays
Comments
Comments
Give Quiz Kudos
Give Quiz Kudos
-
- Ratings
hide this ad
Forced Order
Answers have to be entered in order
Answers have to be entered in order
Random Order
Randomize order of answers
Randomize order of answers
Replay
Link that replays current quiz
Next Quiz
Link to next quiz in quiz playlist
You Got
0%
They Got
Avg Score
46%
Avg Friend Score
Upgrade to see
Score Distribution
Jump to the score distribution portion of the page
Score
0/16
Timer
04:00
0
Plays Today
% Correct
Food & Drug Safety
72%
Women's Rights
68%
Social and Political Equality for African Americans
68%
Women's Rights
56%
Education
48%
Economic Equality for African Americans
48%
Political Reforms
48%
Settlement House for Immigrants
48%
% Correct
Temperance
48%
Temperance
44%
Socialist Union Organizer
44%
Women's Rights
40%
Birth Control
36%
Anti-Pornography
32%
Anti-Lynching
24%
Union Organizer
12%
Quiz Playlist
Details
Report
Send in Message
Add To Playlist
Clickable:
Select answers by clicking on text or image buttons
Forced Order:
Answers have to be entered in order
Random Order:
Randomize order of answers
Last Updated: Apr 27, 2017
Quiz Scoreboard
CHALLENGE
Sign Up to Join the Scoreboard
Show All
Scores
Hide
Comments
May contain spoilers
Recently Published
Billboard Blitz: Fleetwood Mac
by CooCooCachoo
Music
15s
Presidents Visiting Landmarks
by Hejman
History
7m
An Introduction to Baseball
by treessimontrees
Sports
5m
More to Explore
Quiz From the Vault
Featured Blog Post
Where Did the Easter Bunny Come From?
hide this ad
You Might Also Like...
Tags
Clickable Quiz
Progressive
reform
Reformer
Today's Top Quizzes in History
Browse History
hide this ad
Today's Top Quizzes in Clickable
Browse Clickable
Top Contributed Quizzes in History
1
Popular People in 1991
2
Popular People in 1981
3
Popular People in 1951
4
Popular People in 1941
5
Popular People in 1986
6
Popular People in 1976
7
Popular People in 1921
8
I Am Born On March 28th
9
5-to-1: 20th Century Images of War
10
Popular People in 1946
Explore More
Trending Topics
Harry Potter
NBA
Anime
Kpop
Disney
Crossword
Marvel
Pokémon
Song
The Office
Puzzle
WWE
Soccer
Country
NFL
hide this ad
More By:
Historyteacher63
Quiz
Plays
Rating
Category
Featured
Created
Identify the Psychologists
3,374
2.00
Miscellaneous
Apr 25, 2017
Important Supreme Court Cases
175
History
Apr 25, 2017
In Which State
158
2.00
Geography
Mar 18, 2011
APUSH Uprising, Rebellions, and Protests
89
History
Apr 26, 2017
2013 Popular Dog Breeds in US
28
5.00
Just For Fun
Feb 17, 2014
Go to Creator's Profile
Score Distribution
Quiz Creator Spotlight
Historyteacher63
Follow
Send a Message
Quizzes Created
-
Created Quiz Play Count
-
More By This Creator
Popular Quizzes Today
1
Find the US States - No Outlines Minefield
2
Find the Countries of Europe - No Outlines Minefield
3
The Countries of the World
4
Find the US States
5
Risky Map Clicking: Biggest States A-Z
6
US States
7
Popular People in 1961
8
Movies - When Are They Set?
More History Quizzes
Select People: Austrians
Editor's Pick
Trending Quizzes
Risky Map Clicking: Least Populous States A-Z
1-10 Letter G Words
1-10 Letter F Words
Risky Map Clicking: Next State Alphabetically
Risky Map Clicking: Biggest States A-Z
Recently Updated
Leaping Animals
pecheneg
Reality TV Shows (A-Z)
bhenderson79
Rickey Henderson's Hall of Fame Teammates
pecheneg
Champions League XIs: Arsenal
pecheneg
Quick Pick: Celebrities in WWE's Hall of Fame
aduchscher
A-Z Keypad Blitz II
pecheneg
Multiple Oscar Actors
pecheneg
Mystery Phrase Blitz: Oscar 'Best Actors'
pecheneg
F. Scott Fitzgerald Novels
LTH
Pick 3 Villains
ddd62291
Trending Topics
Crossword
Harry Potter
NBA
Disney
Kpop
Marvel
Anime
Song
Soccer
Puzzle
NFL
The Office
WWE
Country
Pokémon
Your Account Isn't Verified!
In order to create a playlist on Sporcle, you need to verify the email address you used during registration. Go to your
Sporcle Settings
to finish the process.
Report this User
Report this user for behavior that violates our
Community Guidelines
.
Details:
Send Report
Go to the Sporcle.com Mobile Site →
Comments